01345nam a2200337Ia 450000500170000000800390001702000150005608200150007110000210008624501230010725000220023030000250025249000300027750000210030750400260032865000480035465000320040265000430043465000420047770000230051970000240054294200120056626400330057833600270061133700330063833800280067104000350069999900150073495201280074995201300087720220317000558.0160601s2005 ag g 000 0 spa a950126118204a372.5bA771 aAkoschky, Judith10aArtes y escuelabaspectos curriculares y didácticos de la educación artísticacJudith Akoschky... [y otros ocho] aPrimera edición a311 páginasc22 cm aCuestiones de educación aIncluye índice aIncluye biblografía142LEMBaArtexEnseñanza elementalzEspaña142LEMBaPsicología del arte142LEMBaEducación de niñoszEspaña142LEMBaMúsicaxEnseñanza elemental1 aBrandt, Ema9492701 aCalvo, Marta949271 2ddccBK aBuenos AiresbPaidósc2005 atextobtxt2rdacontent asin mediaciónbn2rdamedia avolumenbnc2rdacarrier aCO-BoRNBPbspaerdacCO-BoRNBP c4454d4454 00102ddc40708GENaMEPRICObMEPRICOcGENd2023-02-10l0o372.5A77pPR00000611r2023-02-10 00:00:00tEj.1w2023-02-10yBK 00102lcc40708GENaMEPCONCObMEPCONCOcGENd2026-02-10l0o372.5 A77pPCON00938r2026-02-10 21:10:18tEj.1w2026-02-10yBK